|
|
|
|
| LEADER |
00000nam0a2200000 4500 |
| 001 |
268438 |
| 005 |
20231101234151.0 |
| 010 |
|
|
|a 9785211063044
|
| 035 |
|
|
|a (RuTPU)RU\TPU\book\291589
|
| 090 |
|
|
|a 268438
|
| 100 |
|
|
|a 20140903d2011 k y0rusy50 ca
|
| 101 |
0 |
|
|a rus
|
| 102 |
|
|
|a RU
|
| 105 |
|
|
|a a z 001zy
|
| 200 |
1 |
|
|a Физические модели и механизмы электрического пробоя газов
|f Ю. К. Бобров [и др.]
|g Российская академия наук (РАН), Институт общей физики им. А. М. Прохорова (ИОФ) ; под ред. А. А. Рухадзе
|
| 210 |
|
|
|a Москва
|c Изд-во Московского ун-та
|d 2011
|
| 215 |
|
|
|a 368 с.
|c ил.
|
| 320 |
|
|
|a Библиогр.: с. 343-364.
|
| 330 |
|
|
|a В книге излагается общий подход к описанию распространения плазмы электрического пробоя газов на всех его стадиях, основанный на аналогии с процессами распространения фронтов горения и детонации.Дан анализ экспериментальных и теоретических исследований электрического пробоя, предложены физико-математические модели и исследованы основные механизмы пробоя.Для научных работников в области физики электрического разряда, электрофизики и техники высоких напряжений, аспирантов и студентов старших курсов.Ключевые слова: электрический пробой газа, электронная лавина, стример, лидер, обратный разряд, импульсная дуга, лавинно-стримерный переход, стримерно-лидерный переход, волна ионизации, детонация, дефлаграция.
|
| 606 |
1 |
|
|a Пробой
|x (электричество)
|2 stltpush
|3 (RuTPU)RU\TPU\subj\68554
|9 83784
|
| 610 |
1 |
|
|a физика
|
| 610 |
1 |
|
|a электрический пробой
|
| 610 |
1 |
|
|a газы
|
| 610 |
1 |
|
|a физико-математические модели
|
| 610 |
1 |
|
|a газодинамика
|
| 610 |
1 |
|
|a плазма
|
| 610 |
1 |
|
|a постоянный электрический ток
|
| 610 |
1 |
|
|a стримеры
|
| 610 |
1 |
|
|a электронные лавины
|
| 610 |
1 |
|
|a обратные заряды
|
| 610 |
1 |
|
|a импульсная дуга
|
| 610 |
1 |
|
|a лавинно-стримерный переход
|
| 610 |
1 |
|
|a детонация
|
| 610 |
1 |
|
|a дефлегмация
|
| 610 |
1 |
|
|a научные труды
|
| 675 |
|
|
|a 537.521
|v 3
|
| 701 |
|
1 |
|a Бобров
|b Ю. К.
|g Юрий Константинович
|
| 701 |
|
1 |
|a Гусейн-заде
|b Н. Г.
|g Намик Гусейнага оглы
|
| 701 |
|
1 |
|a Рухадзе
|b А. А.
|g Анри Амвросиевич
|
| 701 |
|
1 |
|a Юргеленас
|b Ю. В.
|g Юрий Владимирович
|
| 702 |
|
1 |
|a Рухадзе
|b А. А.
|g Анри Амвросиевич
|4 340
|
| 712 |
0 |
2 |
|a Российская академия наук (РАН)
|b Институт общей физики им. А. М. Прохорова (ИОФ)
|c (Москва)
|2 stltpush
|3 (RuTPU)RU\TPU\col\303
|
| 801 |
|
1 |
|a RU
|b 63413507
|c 20140903
|
| 801 |
|
2 |
|a RU
|b 63413507
|c 20150212
|g RCR
|
| 942 |
|
|
|c BK
|